Sports Quiz

Random Sports Quiz
Score 0/15 Timer 06:00
0 Plays Today
Answer % Correct
Clonkill
82.4%
Raharney
81.1%
Castlepollard
79.7%
Cullion
78.4%
Delvin
73%
Brownstown
67.6%
Crookedwood
67.6%
Southern Gaels
66.2%
Answer % Correct
Lough Lene Gaels
66.2%
St Oliver Plunketts
63.5%
Turin
60.8%
Fr Daltons
60.8%
St Brigids
55.4%
Castletown-Geoghegan
52.7%
Ringtown
52.7%
Remove Ads.
Support Sporcle.
Get the best of Sporcle when you Go Orange. This ad-free experience offers more features, more stats, and more fun while also helping to support Sporcle. Thank you for becoming a member.

You're not logged in!

Compare scores with friends on all Sporcle quizzes.
OR
Log In

Show Comments

Extras

Created Oct 13, 2013ReportNominate
Tags:club, Hurling

Top Quizzes Today


Score Distribution

Your Account Isn't Verified!

In order to create a playlist on Sporcle, you need to verify the email address you used during registration. Go to your Sporcle Settings to finish the process.

Report this User

Report this user for behavior that violates our Community Guidelines.

Details: